| 000 | 00564nam a22001817a 4500 | ||
|---|---|---|---|
| 003 | CEME | ||
| 005 | 20210628203517.0 | ||
| 008 | 210126b xxu||||| |||| 00| 0 eng d | ||
| 020 | _a0-415-18164-X | ||
| 040 | _c. | ||
| 082 | _a658.562 BEC | ||
| 100 |
_aBeckford, John _965920 |
||
| 245 | _aQuality;a critical introduction | ||
| 260 |
_aLONDON _bROUTLEDGE _c1998 |
||
| 300 | _aXXII,352P | ||
| 650 |
_aTOTAL QUALITY MANAGEMENT- CASE STUDIES, SERVICE INDUSTRIES MANAGEMENT CASE STUDIES, MANUFACTURING INDUSTRIES MANAGEMENT CASE STUDIES _965921 |
||
| 942 |
_cBK _2ddc |
||
| 999 |
_c573992 _d573992 |
||